000 00551nam a2200229 a 4500
001 nice12345678
003 IN_TiNIC
005 20260116011334.0
008 050524s1948 laha grp 000 0 eng
020 _a
_c100
082 0 0 _a912.549
_bKHA
100 _aKhan, Farhatullah
245 _aWest Pakistan in Maps and Statistics
260 _aLahore
_bFeroz Sons
_c1948
300 _a62p
500 _aincludes index and biblioraphy
505 2 _areference
650 _aPakistan-West-atlas
902 _bRHR
942 _cBK
999 _c638
_d638